[Event "FIDE World Uni Rapid-B 1st"]
[Site "Tornelo INT"]
[Date "2021.03.20"]
[Round "6"]
[White "Agibileg, Uurtsaikh"]
[Black "Vardanyan, Aram"]
[Result "1-0"]
[WhiteElo "2413"]
[BlackElo "2025"]
[PlyCount "139"]
[EventDate "2021.03.20"]
[EventType "swiss (rapid)"]
[EventRounds "12"]
[EventCountry "NET"]
[SourceTitle "CBM 201 Extra"]
[Source "ChessBase"]
[SourceDate "2021.05.31"]
[SourceVersion "1"]
[SourceVersionDate "2021.05.31"]
[SourceQuality "1"]

1. d4 Nf6 2. c4 g6 3. Nc3 d5 4. cxd5 Nxd5 5. e4 Nxc3 6. bxc3 Bg7 7. Nf3 0-0 8. Be2 c5 9. 0-0 b6 10. Be3 cxd4 11. cxd4 Bb7 12. Qc2 Nd7 13. Rac1 Nf6 14. d5 Rc8 15. Qa4 a5 16. h3 Nd7 17. Qb5 Ra8 18. Qb3 Ba6 19. Bxa6 Rxa6 20. Rc6 a4 21. Qb4 Ne5 22. Nxe5 Bxe5 23. Bxb6 Qd7 24. Qc4 Rfa8 25. Rc1 a3 26. Rc8+ Kg7 27. Bd4 Bxd4 28. Qxd4+ f6 29. R8c7 Qd6 30. Qc5 Qxc5 31. R1xc5 R8a7 32. d6 Kf7 33. f4 Ke6 34. dxe7 Kf7 35. Kh2 Rxc7 36. Rxc7 Re6 37. Rc4 Rxe7 38. Ra4 Kg7 39. Kg3 g5 40. fxg5 fxg5 41. Kg4 h6 42. g3 Re6 43. Kf3 Rf6+ 44. Ke2 Re6 45. Ke3 Rb6 46. Rxa3 Rb2 47. Kd4 Kg6 48. g4 Re2 49. Ra6+ Kg7 50. a4 Rd2+ 51. Ke5 Rd3 52. a5 Rxh3 53. Ra7+ Kg6 54. a6 Ra3 55. Ra8 Ra4 56. Kd5 Ra5+ 57. Kd6 Ra4 58. e5 Rxg4 59. a7 Rd4+ 60. Ke6 Ra4 61. Rg8+ Kh5 62. a8Q Rxa8 63. Rxa8 g4 64. Rg8 Kh4 65. Kf5 g3 66. e6 h5 67. e7 g2 68. e8Q g1N 69. Rxg1 Kh3 70. Qxh5# 1-0

[Event "FIDE World Uni Rapid-B 1st"]
[Site "Tornelo INT"]
[Date "2021.03.20"]
[Round "4"]
[White "Vardanyan, Aram"]
[Black "Contreras Sulca, Josue Carlo"]
[Result "1-0"]
[WhiteElo "2025"]
[BlackElo "1376"]
[PlyCount "38"]
[EventDate "2021.03.20"]
[EventType "swiss (rapid)"]
[EventRounds "12"]
[EventCountry "NET"]
[SourceTitle "CBM 201 Extra"]
[Source "ChessBase"]
[SourceDate "2021.05.31"]
[SourceVersion "1"]
[SourceVersionDate "2021.05.31"]
[SourceQuality "1"]

1. e4 d6 2. d4 Nf6 3. Nc3 g6 4. g3 c6 5. Bg2 Bg7 6. Nge2 0-0 7. 0-0 e5 8. h3 Qb6 9. d5 cxd5 10. exd5 a6 11. Be3 Qa5 12. f4 exf4 13. Bxf4 Nh5 14. Be3 b5 15. g4 Nf6 16. Bd4 Nbd7 17. a3 Bb7 18. Qd2 Nc5 19. b4 Qb6 1-0

[Event "FIDE World Uni Rapid-B 1st"]
[Site "Tornelo INT"]
[Date "2021.03.20"]
[Round "2"]
[White "Vardanyan, Aram"]
[Black "Oparin, Grigoriy"]
[Result "0-1"]
[WhiteElo "2025"]
[BlackElo "2652"]
[PlyCount "58"]
[EventDate "2021.03.20"]
[EventType "swiss (rapid)"]
[EventRounds "12"]
[EventCountry "NET"]
[SourceTitle "CBM 201 Extra"]
[Source "ChessBase"]
[SourceDate "2021.05.31"]
[SourceVersion "1"]
[SourceVersionDate "2021.05.31"]
[SourceQuality "1"]

1. Nf3 Nf6 2. g3 g6 3. Bg2 c5 4. 0-0 d5 5. d4 cxd4 6. Nxd4 Bg7 7. c4 0-0 8. cxd5 Nxd5 9. Nc3 Nxc3 10. bxc3 Qc7 11. Nb5 Qa5 12. a4 a6 13. Bb2 Nc6 14. Nd4 Ne5 15. Qb3 Qc7 16. Ba3 Rb8 17. a5 b6 18. f4 bxa5 19. Qc2 Nc4 20. Nc6 Nxa3 21. Rxa3 Rb5 22. Rfa1 Rc5 23. Nxa5 Bxc3 24. Rxc3 Rxc3 25. Qb2 Be6 26. Nb7 Rb8 27. Rxa6 Rc2 28. Qb4 Rxe2 29. Bf3 Qc1+ 0-1

[Event "FIDE World Uni Blitz-B 1st"]
[Site "Tornelo INT"]
[Date "2021.03.13"]
[Round "8.40"]
[White "Olendo, Sara Francine"]
[Black "Vardanyan, Aram"]
[Result "0-1"]
[WhiteElo "1692"]
[BlackElo "2025"]
[PlyCount "74"]
[EventDate "2021.03.13"]
[EventType "swiss (blitz)"]
[EventRounds "10"]
[EventCountry "NET"]
[SourceTitle "EXT 2022"]
[Source "ChessBase"]
[SourceDate "2021.10.06"]
[SourceVersion "1"]
[SourceVersionDate "2021.10.06"]
[SourceQuality "1"]

1. e4 c5 2. Nc3 Nc6 3. Be2 g6 4. d3 Bg7 5. f4 d6 6. Nf3 Nf6 7. 0-0 0-0 8. Kh1 e5 9. Ng1 Nd4 10. Bf3 Be6 11. h3 exf4 12. Bxf4 d5 13. Bg5 dxe4 14. Bxf6 Qxf6 15. Nxe4 Qe7 16. Ne2 Nf5 17. Qc1 Rac8 18. N2g3 Nd4 19. c3 Nc6 20. Qe3 Bd7 21. Rae1 b6 22. Nd2 Qh4 23. Kh2 Rce8 24. Be4 Bh6 25. Qe2 f5 26. Nf3 Qf6 27. Bd5+ Kh8 28. Qc2 Qd6 29. Bb3 Bf4 30. Qf2 h5 31. Ng1 Rxe1 32. Rxe1 h4 33. N1e2 hxg3+ 34. Nxg3 Kg7 35. h4 Rh8 36. Kh3 Bxg3 37. Qxg3 f4+ 0-1

[Event "FIDE World Uni Blitz-B 1st"]
[Site "Tornelo INT"]
[Date "2021.03.13"]
[Round "7.54"]
[White "Vardanyan, Aram"]
[Black "Ahmad, Abu Khater"]
[Result "1-0"]
[WhiteElo "2025"]
[BlackElo "1414"]
[PlyCount "61"]
[EventDate "2021.03.13"]
[EventType "swiss (blitz)"]
[EventRounds "10"]
[EventCountry "NET"]
[SourceTitle "EXT 2022"]
[Source "ChessBase"]
[SourceDate "2021.10.06"]
[SourceVersion "1"]
[SourceVersionDate "2021.10.06"]
[SourceQuality "1"]

1. Nf3 e6 2. g3 d5 3. Bg2 c5 4. 0-0 Nc6 5. d4 Qb6 6. dxc5 Bxc5 7. Nc3 Qc7 8. e4 d4 9. Ne2 e5 10. c3 Nf6 11. cxd4 exd4 12. Nexd4 Nxd4 13. Nxd4 Bg4 14. Qa4+ Bd7 15. Qc4 Rc8 16. Be3 a6 17. Rfd1 Qb6 18. Qe2 0-0 19. a3 Rfe8 20. b4 Bxd4 21. Bxd4 Qe6 22. f3 Bb5 23. Qf2 Rc4 24. Rd2 Rec8 25. Rad1 h6 26. h3 Nh5 27. f4 Qg6 28. g4 Nf6 29. e5 Nxg4 30. hxg4 Qg5 31. fxg5 1-0